| 000 | 01167cam a22003377a 4500 | ||
|---|---|---|---|
| 003 | CHAP | ||
| 005 | 20220329135711.0 | ||
| 008 | 971013s1983 r 00010 d | ||
| 010 | _a40782 | ||
| 011 | _a41754 | ||
| 035 | _a45880 | ||
| 040 | _cCHAP | ||
| 090 | _aTesis | ||
| 100 | 0 | 0 |
_aFlores Montiel, Rosario. _941651 |
| 245 | 1 | 3 | _aEl cultivo compuesto, una alternativa para la intensificación del uso del suelo en el Valle de México |
| 260 |
_aMéxico, D.F. : _bEl autor, _c1983 |
||
| 300 |
_a181 h. _b: gráfs. |
||
| 502 | _aTesis (Biólogo) -- UNAM. Escuela Nal. de Estudios Profesionales Zaragoza | ||
| 590 |
_aALEPH _b10 _c20130110 _lUCH01 _h1309 |
||
| 590 |
_aBATCH-UPD _b10 _c20130110 _lUCH01 _h0339 |
||
| 590 |
_aBATCH-UPD _b10 _c20130110 _lUCH01 _h2034 |
||
| 590 |
_aBATCH-UPD _b10 _c20130410 _lUCH01 _h1512 |
||
| 590 |
_aCONVERSION _b10 _c20130109 _lUCH01 _h1323 |
||
| 650 | 1 | 4 |
_aAgricultura _xValle de Mexico. _91896 |
| 650 | 1 | 4 |
_aCultivos asociados. _930370 |
| 700 | 0 |
_aFalconi de la Fuente, Elda. _939381 |
|
| 901 | _aBK | ||
| 942 | _cFOLL | ||
| 949 |
_bBC _cTES _d-104676 _eTS1 _i45880 _si |
||
| 949 |
_bBC _cTES _d33724000604237 _eTS2 _fc.2 _h30696 _i45880 _si |
||
| 999 |
_c40782 _d40782 |
||